Logo CIB grande

SHIGLEY S MECHANICAL ENGINEERING DESIGN (Registro nro. 232402)

Detalles MARC
000 -LEADER
campo de control de longitud fija 00536nam a2200217Ia 4500
005 - FECHA Y HORA DE LA ÚLTIMA TRANSACCIÓN
campo de control 20250425162606.0
008 - DATOS DE LONGITUD FIJA--INFORMACIÓN GENERAL
campo de control de longitud fija 250425s9999 xx 000 0 und d
020 ## - NÚMERO INTERNACIONAL ESTÁNDAR DEL LIBRO
Número Internacional Estándar del Libro 9780073529288
041 ## - CÓDIGO DE IDIOMA
Código de lengua del texto/banda sonora o título independiente eng
082 ## - NÚMERO DE LA CLASIFICACIÓN DECIMAL DEWEY
Número de clasificación 621.815
010 ## - NÚMERO DE CONTROL DE LA BIBLIOTECA DEL CONGRESO
Número de control de LC 87978
100 ## - ENTRADA PRINCIPAL--NOMBRE DE PERSONA
Nombre de persona BUDYNAS, RICHARD G.
245 #0 - MENCIÓN DEL TÍTULO
Título SHIGLEY S MECHANICAL ENGINEERING DESIGN
250 ## - MENCION DE EDICION
Mención de edición 9TH ED.
260 ## - PUBLICACIÓN, DISTRIBUCIÓN, ETC.
Lugar de publicación, distribución, etc. Estados Unidos
Nombre del editor, distribuidor, etc. MCGRAW-HILL
Fecha de publicación, distribución, etc. 2011
260 ## - PUBLICACIÓN, DISTRIBUCIÓN, ETC.
Lugar de publicación, distribución, etc. NEW YORK
300 ## - DESCRIPCIÓN FÍSICA
Extensión 1082
650 ## - PUNTO DE ACCESO ADICIONAL DE MATERIA--TÉRMINO DE MATERIA
Término de materia o nombre geográfico como elemento de entrada DISEÑO DE MAQUINAS
700 ## - ENTRADA AGREGADA--NOMBRE PERSONAL
Nombre de persona NISBETT, J. KEITH
942 ## - ELEMENTOS DE ENTRADA SECUNDARIOS (KOHA)
Tipo de ítem Koha Libros
Existencias
Estatus retirado Estado de pérdida Estado de daño No para préstamo Biblioteca de origen Biblioteca actual Ubicación en estantería Fecha de adquisición Coste, precio normal de compra Etiqueta RFID Total de préstamos Código de barras Visto por última vez Fecha del último préstamo Copia número Tipo de ítem Koha
        CENTRO DE INFORMACIÓN BIBLIOTECARIA CENTRO DE INFORMACIÓN BIBLIOTECARIA   31/10/2013 197.00 0000000000000000014852 1 56782 12/11/2025 06/11/2025 1 Libros
        CENTRO DE INFORMACIÓN BIBLIOTECARIA CENTRO DE INFORMACIÓN BIBLIOTECARIA   31/10/2013 197.00 0000000000000000014851 6 56783 11/11/2025 10/11/2025 2 Libros
        CENTRO DE INFORMACIÓN BIBLIOTECARIA CENTRO DE INFORMACIÓN BIBLIOTECARIA   31/10/2013 197.00 0000000000000000014849 1 56784 06/11/2025 06/11/2025 3 Libros
        CENTRO DE INFORMACIÓN BIBLIOTECARIA CENTRO DE INFORMACIÓN BIBLIOTECARIA   31/10/2013 197.00 0000000000000000014848 8 56785 19/01/2026 07/01/2026 4 Libros

Copyright 2025 ESPOL. Todos los derechos reservados.